| 000 -ლიდერი |
| ფიქსირებული სიგრძის საკონტროლო ველი |
01216nam a2200277Ia 4500 |
| 001 - საკონტროლო ნომერი |
| საკონტროლო ველი |
19552 |
| 003 - საკონტროლო ნომრის იდენტიფიკატორი |
| საკონტროლო ველი |
GE_BSU |
| 005 - ბოლო ოპერაციის თარიღი და დრო |
| საკონტროლო ველი |
20200303230125.0 |
| 008 - ფიქსირებული სიგრძის მონაცემთა ელემენტები - ზოგადი ინფორმაცია |
| ფიქსირებული სიგრძის საკონტროლო ველი |
181216s1987||||ge |||||||||||||| ||geo|| |
| 040 ## - კატალოგიზაციის წყარო |
| Transcribing agency |
GE_BSU |
| 041 ## - ენის კოდი |
| Language code of text/sound track or separate title |
geo |
| 080 ## - უნივერსალური ათობითი კლასიფიკაციის ინდექსი |
| Universal Decimal Classification number |
811.353.1-26 კ-49 |
| 100 ## - მთავარი ჩანაწერი - პიროვნების სახელი |
| Personal name |
კიზირია, ნ |
| 9 (RLIN) |
7683 |
| 245 ## - ცნობა სათაურის შესახებ |
| Title |
სალიტერატურო ქართულის ინტონაციის საკითხები / |
| Statement of responsibility, etc |
ნ. კიზირია ; რედ. ზ. ჯაფარიძე. |
| 264 ## - წარმოების, გამოცემის, დისტრიბუციის და სხვა ცნობები |
| გამოცემის, წარმოების, დისტრიბუციის... ადგილი |
თბილისი : |
| გამოცემის, წარმოების, დისტრიბუციის... სახელწოდება |
მეცნიერება, |
| გამოცემის, წარმოების, დისტრიბუციის... თარიღი |
1987. |
| 300 ## - ფიზიკური აღწერა |
| Extent |
142 გვ. : |
| Other physical details |
ნოტ. ; |
| Dimensions |
20 სმ. |
| 504 ## - BIBLIOGRAPHY, ETC. NOTE |
| Bibliography, etc |
ბიბლიოგრ. გვ. : 137-141 |
| 653 ## - INDEX TERM--UNCONTROLLED |
| Uncontrolled term |
ინტონაცია ქართულ ენაში |
| 653 ## - INDEX TERM--UNCONTROLLED |
| Uncontrolled term |
ქართული სალიტერატურო ენა |
| 653 ## - INDEX TERM--UNCONTROLLED |
| Uncontrolled term |
ქართული ენა |
| 700 ## - ADDED ENTRY--PERSONAL NAME |
| Personal name |
ჯაფარიძე, ზ. |
| Relator term |
რედაქტორი |
| 9 (RLIN) |
7684 |
| 710 ## - ADDED ENTRY--CORPORATE NAME |
| Corporate name or jurisdiction name as entry element |
საქ. სსრ მეცნ. აკადემია |
| 9 (RLIN) |
7685 |
| 710 ## - ADDED ENTRY--CORPORATE NAME |
| Corporate name or jurisdiction name as entry element |
ენათმეცნიერების ინ-ტი |
| 9 (RLIN) |
7686 |
| 942 ## - ADDED ENTRY ELEMENTS (KOHA) |
| Koha item type |
წიგნი |
| Source of classification or shelving scheme |
|